| 000 | 00564nam a2200181Ia 4500 | ||
|---|---|---|---|
| 005 | 20250923145104.0 | ||
| 008 | 008 250917s9999 xx 000 0 eng d | ||
| 037 | _aTextual | ||
| 040 |
_aDSWL _beng _cDSWL |
||
| 041 |
_aeng _2eng |
||
| 084 |
_aYX;1.2.N6, K7 _qDSWL |
||
| 100 |
_aMadan, Gurumukh Ram _9831679 |
||
| 245 | 0 |
_aIndian social problems . Vol II social reconstruction _cby Gurumukh Madan |
|
| 260 |
_aBombay _bAllied Publiers _c1967 |
||
| 300 | _axxii,506 p. | ||
| 942 |
_cTEXL _hYX;1.2.N6, K7 |
||
| 999 |
_c1446951 _d1446951 |
||